Operations management : decision making in the operations function /
Salvato in:
| Autore principale: | |
|---|---|
| Natura: | Libro |
| Lingua: | inglese |
| Pubblicazione: |
New York
McGraw-Hill
1989.
|
| Edizione: | 3rd ed. |
| Serie: | McGraw-Hill series in management
|
| Soggetti: | |
| Accesso online: | Visualizza in OPAC |
| Tags: |
Nessun Tag, puoi essere il primo ad aggiungerne!!
|
MARC
| LEADER | 00000cam a2200000 a 4500 | ||
|---|---|---|---|
| 005 | 20260127134259.0 | ||
| 008 | 081126s1989 nyua b 001 0 eng | ||
| 010 | |a 88-013477 | ||
| 020 | |a 0070556180 : |c $41.95 | ||
| 035 | |a vtls009449572 | ||
| 039 | 9 | |a 200905211325 |b mtotk01 |c 200811261209 |d mschk03 |y 200811261203 |z mschk03 | |
| 040 | |a DLC |c DLC |d DLC |d STUSCHK1 | ||
| 082 | 0 | 0 | |a 658.5/036 |2 19 |
| 100 | 1 | |a Schroeder, Roger G. | |
| 245 | 1 | 0 | |a Operations management : |b decision making in the operations function / |c Roger G. Schroeder. |
| 250 | |a 3rd ed. | ||
| 260 | |a New York |b McGraw-Hill |c 1989. | ||
| 300 | |a xix, 794 p. |b col. ill. |c 25 cm. | ||
| 440 | 0 | |a McGraw-Hill series in management | |
| 504 | |a Includes bibliographies and index. | ||
| 650 | 0 | |a Production management. | |
| 650 | 0 | |a Decision making. | |
| 906 | |a 7 |b cbc |c orignew |d 1 |e ocip |f 19 |g y-gencatlg | ||
| 910 | |a SCHK95 | ||
| 910 | |a totk | ||
| 919 | |a 0-07-055618-0 | ||
| 991 | |b c-GenColl |h TS155 |i .S335 1989 |t Copy 1 |w BOOKS | ||
| 999 | |c 8668 |d 8668 | ||